[Event "Rohde op 08th"]
[Site "Sautron"]
[Date "2008.11.01"]
[Round "9"]
[White "Vocaturo, Daniele"]
[Black "Tissir, Mohamed"]
[Result "1-0"]
[WhiteElo "2383"]
[BlackElo "2463"]
[Annotator "Primel,D"]
[PlyCount "67"]
[EventDate "2008.10.25"]
[EventType "swiss"]
[EventRounds "9"]
[EventCountry "FRA"]
[SourceTitle "EXT 2009"]
[Source "ChessBase"]
[SourceDate "2008.11.26"]
[SourceVersion "1"]
[SourceVersionDate "2008.11.26"]
[SourceQuality "1"]

1. e4 {L'italien faisait partie du trio de tête et il jouait pour le gain du
tournoi} c5 2. Nf3 e6 3. d4 cxd4 4. Nxd4 a6 5. Bd3 Bc5 6. Nb3 Ba7 (6... Be7 {
L'alternative que je joue de temps en temps} 7. Qg4 $1 {[%csl Rg7] Un coup
intermédiaire important pour affaiblir l'aile-roi des noirs} g6 8. Qe2 d6 9.
O-O Nd7 10. Nc3 (10. f4 $143 Qc7 {Calistri,T (2279)-Primel,D (2129) Paris-ch
op 2002 (5) 1/2}) (10. c4 $142 Qc7 11. Nc3 b6 12. f4 Ngf6 13. Bd2 Bb7 14. Rae1)
(10. Na3 {L'italien avait également suivi la dernière mode du sacrifice de P
qui fait pression sur l'aile-dame des noirs.} Qc7 11. Nc4 b6 12. a4 Bb7 13. a5
$1 b5 14. Nb6 $1 Nxb6 15. axb6 Qxb6 16. Na5 $44 {Vocaturo,D (2417)-Neimer,V 
(2316) Wch U20 Gaziantep 2008 (9) 1/2}) 10... Qc7 11. Bd2 b6 12. Rae1 Bb7 13.
a4 h5 14. f4 Ngf6) 7. Qe2 Nc6 8. Be3 d6 9. Nc3 (9. Bxa7 $143 Rxa7 10. O-O Nf6
11. c4 O-O 12. Nc3 b6 {[%cal Ga7d7]}) 9... Nge7 $5 {Anticipe la marée de P sur
les ailes opposées pour ne pas perdre un tempo important après g4g5} (9... Nf6
10. O-O-O b5 11. g4 $1) 10. f4 ({RR} 10. O-O-O b5 11. f4 b4 12. Na4 Bd7 13.
Bxa7 Nxa7 14. e5 Bxa4 15. f5 Nxf5 16. exd6 O-O 17. Bxf5 Qg5+ 18. Kb1 Qxf5 19.
Rhf1 Bb5 {0-1 Adams,M (2640)-Hjartarson,J (2585)/Paris 1994/CBM 043 ext}) 10...
O-O (10... b5) 11. O-O-O Qc7 12. Rhe1 (12. g4 {Golubev,M (2527)-Volokitin,A 
(2594) ACP Blitz Prelim1 3rd 2004 (15) 0-1}) 12... b5 $146 ({RR} 12... Nb4) 13.
Bxa7 Rxa7 14. e5 (14. Bxb5 $143 axb5 15. Nxb5 Ba6 $1 {[%cal Ga6e2]}) 14... dxe5
15. fxe5 b4 $1 16. Nb1 (16. Na4) 16... a5 17. a4 Ng6 (17... bxa3 $6 18. Nxa3 a4
19. Qe4 g6 20. Nb5 $14 {[%cal Gb5c7,Gb5a7]}) 18. Bxg6 hxg6 19. N1d2 Ne7 (19...
Ba6) 20. Nf3 Bd7 21. Ng5 {[%cal Ge2f2,Gf2h4]} Nf5 $2 (21... Bxa4 $1 22. Nd4 Rc8
{[%csl Rc2]} 23. Qf2 {[%cal Gf2f7]} Nf5 $17) 22. Nd4 Bxa4 23. Nxf5 exf5 24. e6
$1 Qf4+ 25. Qd2 Qxd2+ 26. Rxd2 f6 27. Nf3 (27. Nf7) 27... Bc6 28. Nh4 Kh7 29.
Rd3 Kh6 $6 {[%csl Rh6]} (29... Rc8 $1 {[%csl Rd3][%cal Gc6e4,Ge4c2]}) 30. Rg3 (
30. Rh3 Kg5 31. Nf3+ Bxf3 32. Rxf3 f4 33. g3 {[%csl Rg5]}) 30... Be4 $2 (30...
f4 $1 31. Rxg6+ Kh5 $19) 31. Rh3 Kg5 $2 (31... g5 $8 32. Nxf5+ Kg6 33. e7 (33.
Rxe4 Kxf5) 33... Re8 34. Nd6 $1) 32. Ree3 f4 33. Rxe4 f5 34. e7 {Ce gain
permet а l'italien de réaliser une norme de GMI et de remporter le tournoi!}
1-0

[Event "Cappelle op 31st"]
[Site "Cappelle la Grande"]
[Date "2015.02.28"]
[Round "1"]
[White "Vovk, Andrey"]
[Black "Navrotescu, Catalin"]
[Result "1-0"]
[WhiteElo "2642"]
[BlackElo "2405"]
[Annotator "RR"]
[PlyCount "85"]
[EventDate "2015.02.28"]
[EventType "swiss"]
[EventRounds "9"]
[EventCountry "FRA"]
[SourceTitle "EXT 2016"]
[Source "ChessBase"]
[SourceDate "2015.10.08"]
[SourceVersion "1"]
[SourceVersionDate "2015.10.08"]
[SourceQuality "1"]

1. e4 c5 2. Nf3 e6 3. d4 cxd4 4. Nxd4 a6 5. Bd3 Bc5 (5... g6 $5 {J'ai eu une
bonne partie à la ronde 03 avec cette variante.} 6. O-O Bg7 7. Be3 Ne7 8. c4
O-O 9. Nc3 d5 10. exd5 exd5 11. c5 Nd7 $5 $146 12. Nb3 Ne5 (12... Nf5 13. Be2)
13. Be2 Be6 14. Na4 Nf5 15. Bf4 Qh4 $132 {Rysdstrom,T (2315)-Primel,D Cappelle
la Grande ( open ) 2014 (3) 0-1}) 6. Nb3 Ba7 {L'ancienne ligne} (6... Be7 7.
O-O (7. Qe2) 7... d6 8. c4 Nf6 9. Nc3 b6 10. Be3) 7. O-O Nc6 8. Qg4 Nf6 9. Qg3
(9. Qxg7 $143 $5 {Plus risqué} Rg8 10. Qh6 Rg6 11. Qh4 Rg4 $44) 9... d6 10.
Kh1 Nh5 $146 (10... e5 $142 11. Nc3 Nh5 12. Qf3 Qh4 13. g3 Qg4 14. Qxg4 Bxg4
15. Nd5 Rc8 $11 16. Kg2 Be6 17. Nd2 Nf6 18. Nc4 Bc5 19. Nxf6+ gxf6 20. c3 h5
21. h4 Ne7 22. Ne3 d5 23. exd5 Nxd5 24. Nf5 Rg8 25. Be4 Rd8 26. Re1 Rd7 27. Bh6
Nf4+ 28. Bxf4 exf4 29. b4 Bb6 30. Rad1 fxg3 31. fxg3 Rxd1 32. Rxd1 Bc7 33. c4
Rg4 34. Kf3 Bxf5 35. Bxf5 Rxc4 36. a3 Rc3+ 37. Rd3 Rxd3+ 38. Bxd3 Kf8 39. Be4
b6 40. a4 {Karjakin,S (2779)-Caruana,F (2775) Dortmund 2012 1/2-1/2}) 11. Qh3
g6 12. Be2 e5 $1 {Un thème important sur la variante Ba7} 13. Bg4 O-O 14. Bh6
Nf4 15. Qf3 Bxg4 16. Qxg4 f5 17. Qd1 Rf7 18. Bxf4 exf4 19. Nc3 fxe4 (19... Qh4)
(19... Ne5) 20. Nxe4 d5 21. Ned2 Qf6 {Le sautronnais a une très bonne position
} 22. c3 Rd8 (22... d4) 23. Nf3 d4 24. cxd4 Bxd4 25. Qc2 Rfd7 (25... Bxb2 {
Plus naturel}) 26. Rad1 (26. Rfd1) 26... Ba7 27. Rde1 Kg7 28. Re4 g5 29. Rfe1
Rd6 30. h3 h6 31. Kg1 R8d7 32. a3 Re7 $2 33. Rxe7+ Nxe7 34. Qc7 Re6 35. Rxe6
Qxe6 36. Qxb7 {Les Noirs n'ont pas de compensations} Bb6 37. Nbd4 Bxd4 38. Nxd4
Qe1+ 39. Kh2 Kf8 40. Qxa6 Qxf2 41. Qxh6+ Ke8 42. Qh8+ Kd7 43. Nf3 1-0

[Event "Rohde op 06th"]
[Site "Sautron"]
[Date "2006.11.03"]
[Round "8"]
[White "Monroy, Charles"]
[Black "Draoui, Najib"]
[Result "1-0"]
[WhiteElo "2394"]
[BlackElo "2416"]
[Annotator "RR"]
[PlyCount "59"]
[EventDate "2006.10.28"]
[EventType "swiss"]
[EventRounds "9"]
[EventCountry "FRA"]
[SourceTitle "EXT 2007"]
[Source "ChessBase"]
[SourceDate "2006.11.23"]
[SourceVersion "1"]
[SourceVersionDate "2006.11.23"]
[SourceQuality "1"]

1. e4 c5 2. Nf3 e6 3. Nc3 a6 4. d4 cxd4 5. Nxd4 b5 6. Bd3 d6 {la variante est
assez douteuse ca les noirs n'ont joué que des P au 6ème coup et malgré la
souplesse de la position noire, le retard de dévelloppement est sensible} (6...
Qb6 7. Nf3 $1 {la ligne qui pose le plus de problèmes actuellement а la
variante 6. Qb6}) 7. O-O Nf6 8. Kh1 ({RR} 8. f4 $142 Be7 9. Kh1 (9. Qe2 Bb7 10.
Kh1) 9... Bb7 10. e5 Nd5 11. f5 dxe5 12. fxe6 exd4 13. Qh5 Qd6 14. Qxf7+ Kd8
15. Ne4 Qb6 16. Qxg7 Re8 17. Bg5 Nc6 18. Rf8 Rxf8 19. Qxf8+ Kc7 20. Bf4+ Nxf4
21. Qxf4+ Kc8 22. Nd6+ Bxd6 {Nedev,T (2530)-Markus,R (2591)/Gothenburg 2005/
CBM 109/0-1 (40)}) 8... Bb7 9. f4 Nbd7 ({RR} 9... b4 10. e5 bxc3 11. exf6 gxf6
12. Qe2 Nd7 13. Be4 Bxe4 14. Qxe4 f5 15. Nxf5 d5 16. Qd4 Rg8 17. bxc3 Bc5 18.
Qa4 exf5 19. Re1+ Kf8 20. Ba3 Rg6 21. Rab1 Kg8 22. c4 Nb6 23. Qa5 Bxa3 24. Qxa3
{Hernandez Guerrero,Y (2090)-Sisniega,M (2530)/Mexico 1991/TD/0-1 (33)}) 10.
Qf3 (10. Qe2) 10... Qc7 (10... Be7) (10... g6 {[%csl Rd6]} 11. Bd2 Bg7 12. Rae1
O-O 13. Qh3) 11. Bd2 h5 12. a4 {anticipant le ooo probable après 11. h5} b4 13.
Nd1 (13. Na2 Nc5 14. Rae1) 13... Nc5 14. Nf2 Rb8 15. Bxb4 Nxd3 16. cxd3 $14 d5
$2 (16... Bxe4 $142 {[%cal Gb8b4]}) 17. Bxf8 dxe4 18. dxe4 Kxf8 19. Qe3 h4 20.
Rfc1 Qd7 21. h3 Rh5 22. Nf3 Ba8 23. Rc4 Kg8 24. Ne5 Qb7 25. b4 Qe7 26. Rac1 Rh8
27. Rc7 Qxb4 28. Nxf7 Rh5 29. Ng5 Ne8 30. Rc8 1-0

[Event "POL-chT 66th"]
[Site "Katowice"]
[Date "2010.09.05"]
[Round "2"]
[White "Dobrowolski, Piotr"]
[Black "Olszewski, Michal"]
[Result "1-0"]
[WhiteElo "2399"]
[BlackElo "2549"]
[Annotator "RR"]
[PlyCount "105"]
[EventDate "2010.09.04"]
[EventType "team-tourn"]
[EventRounds "9"]
[EventCountry "POL"]
[SourceTitle "EXT 2016"]
[Source "ChessBase"]
[SourceDate "2015.10.08"]
[SourceVersion "1"]
[SourceVersionDate "2015.10.08"]
[SourceQuality "1"]
[WhiteTeam "Wroclaw AZS WSB"]
[BlackTeam "Wroclaw"]
[WhiteTeamCountry "POL"]
[BlackTeamCountry "POL"]

1. e4 c5 2. Nf3 e6 3. d4 cxd4 4. Nxd4 a6 5. Bd3 Bc5 6. Nb3 Be7 7. Qg4 g6 8. Qe2
d6 9. O-O (9. a4 Nd7 10. a5 Ngf6 11. Be3 O-O 12. O-O Ne5 13. Bb6 Qe8 14. Nc3 g5
15. Be3 Nfg4 16. Bd2 Bd7 17. h3 Nxd3 18. cxd3 Ne5 19. f4 gxf4 20. Bxf4 Kh8 21.
Nd4 Rg8 22. Kh1 Rc8 23. Nf3 f6 24. d4 Nxf3 25. Rxf3 Qh5 26. Qf2 Rg6 27. Bh2
Rcg8 28. g4 Qh6 29. d5 e5 30. Ne2 Rc8 31. Ng3 Rgg8 32. Rg1 Rc4 33. b3 Rd4 34.
Nh5 Rd2 35. Qe1 Ra2 36. Rf2 Rxf2 37. Qxf2 Be8 38. Qf3 Bd8 {Andriasian,Z (2628)
-Fedoseev,V (2668) Martuni 2014 1/2-1/2 (66)}) 9... Nd7 10. Na3 {La ligne
critique} Ne5 $5 (10... Qc7 11. Nc4 $14) 11. Nc4 Nxc4 12. Bxc4 Qc7 13. Bd3 Bd7
(13... e5 14. f4 Nf6 15. fxe5 dxe5 16. Bh6 $1 {Gaponenko,I (2438)-Goletiani,R 
(2391) WchT (Women) 2nd 2009 (7) 0-1}) (13... h5 $5 14. c4 Nf6 15. Bd2 h4 $132
{Tomczak,J (2581)-Korneev,O (2637) EU-chT (Men) 19th 2013 (5.11) 0-1}) (13...
Nf6 14. c4 (14. Bh6 $5 {Le thème important qui justifie la sortie Qg4
affaiblissant les cases Noires}) 14... O-O {Megaranto,S (2529)-Debashish,D 
(2392) Asia-ch Mashhad 2011 (2) 1-0}) 14. c4 e5 $5 $146 (14... Nf6 15. Bh6 $1 {
[%csl Re8,Gh6]} e5 16. Rac1 Ng4 17. Bd2 O-O 18. f3 Nf6 19. Qf2 Rac8 20. Be3 Nh5
21. Rfd1 Nf4 22. Bf1 Ba4 23. Rd2 Ne6 24. Na1 Bg5 {1/2-1/2 (24) Alekseev,E 
(2710)-Smirin,I (2663) Baku 2013}) (14... h5 $5 15. f4 Nf6) 15. f4 Nf6 16. Kh1
Rc8 17. Bd2 exf4 18. Bc3 O-O 19. Rxf4 Nh5 20. Rff1 Be6 21. Nd4 Bg5 $6 {[%cal
Gh5f4]} 22. Nf5 (22. Nxe6 fxe6 23. Qg4 $14 {[%csl Re6,Rg5]} Qe7 24. e5 dxe5 (
24... d5 $2 25. Rxf8+ Rxf8 26. cxd5 exd5 27. Bb4) 25. Bxe5) 22... Bxf5 23. exf5
Qd7 24. Qg4 Bf6 25. Bxf6 Nxf6 26. Qd4 $14 Kg7 27. Rae1 g5 $6 28. Re3 d5 29. c5
Rfe8 30. h4 g4 31. h5 h6 32. Rg3 Qe7 33. Rxg4+ Kh7 34. b4 $1 Rg8 $13 (34...
Nxg4 35. f6+) 35. Rxg8 Rxg8 36. Qh4 Rg5 (36... Qe5 $142 $132 {[%csl Rd3,Gf6]
Les Noirs ont des pièces actives}) 37. Re1 Qc7 38. Qh2 $1 Qg3 (38... Qxh2+ $6
39. Kxh2 Rxh5+ 40. Kg1) 39. Qxg3 Rxg3 40. Re7 $40 Kg7 41. Be2 Ra3 42. Bf3 Rxa2
43. Rxb7 Rc2 44. Rb6 a5 45. bxa5 Rxc5 46. a6 Ra5 47. Kh2 Ra3 48. Kg1 Ra2 49.
Kf1 d4 50. g4 Ne8 51. Ke1 f6 52. Rb7+ Kf8 53. a7 1-0

[Event "Rohde op 08th"]
[Site "Sautron"]
[Date "2008.10.29"]
[Round "6"]
[White "Vocaturo, Daniele"]
[Black "Rombaldoni, Denis"]
[Result "1-0"]
[WhiteElo "2383"]
[BlackElo "2436"]
[Annotator "RR"]
[PlyCount "61"]
[EventDate "2008.10.25"]
[EventType "swiss"]
[EventRounds "9"]
[EventCountry "FRA"]
[SourceTitle "EXT 2009"]
[Source "ChessBase"]
[SourceDate "2008.11.26"]
[SourceVersion "1"]
[SourceVersionDate "2008.11.26"]
[SourceQuality "1"]

1. e4 c5 2. Nf3 e6 3. d4 cxd4 4. Nxd4 a6 5. Bd3 Bc5 6. Nb3 Be7 (6... Ba7 {
Vocaturo,D (2383)-Tissir,M (2463) Rohde op 8th 2008 (9.2) 1-0}) 7. Qg4 Bf6 $5 {
Cette idée de MILADINOVIC vise а éviter l'affailbissement des cases noires de
l'aile-roi mais au détriment du développement du N} (7... Nf6 $5 8. Qxg7 Rg8 9.
Qh6 Nc6 10. Nc3 (10. O-O) 10... Rxg2 11. Qh3 Rg8 12. Bd2 d5 13. exd5 exd5 14.
Qf1 Be6 15. O-O-O Qc7 16. Ne2 O-O-O 17. Ned4 Nxd4 18. Nxd4 Bc5 19. Nxe6 fxe6
20. f3 Kb8 21. Qh3 e5 22. Rhe1 {Lutz,C (2643)-Milov,V (2602)/Leon 2001/CBM 086/
1-0 (38)}) (7... g6 {La grande ligne}) 8. O-O Nc6 (8... d6) 9. Nc3 ({RR} 9. a4
Nge7 10. N1d2 O-O 11. a5 d5 12. Qe2 Ne5 13. Nf3 N7c6 14. Nxe5 Nxe5 15. Be3 Bd7
16. exd5 exd5 17. Bb6 Qc8 18. Nd4 Re8 19. Qd2 Qb8 20. h3 Qd6 21. Rfe1 h6 22. b4
Bg5 23. Qc3 Rac8 {Priborsky,J (2359)-Oral,T (2536)/Czechia 2008/CB08/0-1 (79)})
9... d6 10. Be3 Nge7 $146 (10... Bxc3 $5 11. bxc3 Qf6 12. Qg3 Nge7 {Blees,A 
(2410)-Gofshtein,L (2465) Paris op 1995 0-1}) 11. Qe2 {Une manoeuvre classique
car Qg4 a obtenu des concessions de la part des noirs.} O-O 12. a4 d5 {[%cal
Gd5d4,Gd4c3,Gd4e3]} 13. Bc5 d4 $11 14. Nb1 b6 15. Ba3 (15. e5 Nxe5 16. Bxd4)
15... e5 16. N1d2 Re8 17. g3 Ng6 18. c3 dxc3 19. bxc3 Bh3 20. Rfd1 Qc8 21. Nc4
$14 Qe6 22. Nd6 $1 Qxb3 $2 23. Bc4 Qxc3 24. Bxf7+ Kh8 25. Bb2 Bg4 $2 (25... Qb4
26. Nxe8) 26. Qxg4 Qxb2 27. Nxe8 Nge7 28. Nxf6 gxf6 29. Rab1 Qa3 30. Qe6 Kg7
31. Rd6 1-0

[Event "Rohde op 06th"]
[Site "Sautron"]
[Date "2006.10.31"]
[Round "5"]
[White "Colovic, Aleksandar"]
[Black "Shchekachev, Andrei"]
[Result "1/2-1/2"]
[WhiteElo "2459"]
[BlackElo "2561"]
[Annotator "RR"]
[PlyCount "33"]
[EventDate "2006.10.28"]
[EventType "swiss"]
[EventRounds "9"]
[EventCountry "FRA"]
[SourceTitle "EXT 2007"]
[Source "ChessBase"]
[SourceDate "2006.11.23"]
[SourceVersion "1"]
[SourceVersionDate "2006.11.23"]
[SourceQuality "1"]

1. e4 c5 2. Nf3 e6 3. d4 cxd4 4. Nxd4 a6 5. Bd3 Bc5 6. Nb3 Be7 (6... Ba7) 7. f4
{trés peu joué} (7. O-O d6 8. Qg4 $5 (8. c4 $5) 8... g6 9. Qe2 Nd7 10. Nc3 (10.
f4 $143 {Calistri,T (2279)-Primel,D (2129) Championnat de Paris 2002 (5) 1/2})
10... Qc7 11. Bd2 b6 {[%cal Gc8b7]}) 7... d6 8. Be3 (8. Nc3 Qc7 9. Qf3 Nd7 10.
Bd2 Ngf6 11. g4 h6 12. O-O-O {[%cal Gh2h4,Gg4g5]}) 8... Nf6 9. Qf3 Nc6 10. N1d2
Qc7 11. O-O-O $146 ({RR} 11. c3 b6 12. O-O Bb7 13. a4 Nb8 14. f5 exf5 15. Qxf5
Nbd7 16. h3 Ne5 17. Bc2 O-O 18. Qf2 Nfd7 19. Nd4 Bf6 20. Qg3 Ng6 21. Nf5 Be5
22. Qf3 Rae8 23. h4 Ne7 24. Nxe7+ Rxe7 25. Rae1 Nc5 {Brkic,A (2427)-Horvath,A 
(2517)/Zemplinska Sirava 2004/CBM 100 ext/0-1 (41)}) 11... h5 $5 {le GMI
AGREST est familier de ce thème h5 avec la défense KAN. L'idée est de gagner
de l'espace а l'aile-roi et éviter de roquer.} 12. h3 h4 $11 {[%csl Rg3]} 13.
Kb1 b5 (13... Nh5) 14. Qf2 e5 $5 15. Nf3 Bb7 16. Rhe1 Nd7 17. Rf1 1/2-1/2

[Event "Rohde op 07th"]
[Site "Sautron"]
[Date "2007.10.30"]
[Round "5"]
[White "Bruned, Yvalin"]
[Black "Mullon, Jean Baptiste"]
[Result "1/2-1/2"]
[WhiteElo "2355"]
[BlackElo "2339"]
[Annotator "RR"]
[PlyCount "51"]
[EventDate "2007.10.27"]
[EventType "swiss"]
[EventRounds "9"]
[EventCountry "FRA"]
[SourceTitle "EXT 2008"]
[Source "ChessBase"]
[SourceDate "2007.11.25"]
[SourceVersion "1"]
[SourceVersionDate "2007.11.25"]
[SourceQuality "1"]

1. e4 c5 2. Nf3 e6 3. d4 cxd4 4. Nxd4 a6 5. Bd3 Bc5 6. Nb3 Ba7 ({RR} 6... Be7 {
L'alternative} 7. Qg4 {[%cal Gg4g7]} g6 ({RR} 7... Nf6 $143 8. Qxg7 Rg8 9. Qh6
Rxg2 10. Qh3 Rg8 11. Nc3) 8. Qe2 d6 9. Nc3 ({RR} 9. c4 Qc7 10. Nc3 b6) 9... Qc7
10. O-O Nd7 11. Bd2 b6 12. f4 ({RR} 12. Rae1 Bb7 13. Kh1 h5) 12... Ngf6 13.
Rae1 Bb7) 7. Qe2 ({RR} 7. Qg4 Nf6 8. Qxg7 ({RR} 8. Qg3 d6 9. O-O O-O 10. Nc3
Nc6 11. Rd1 Ne5) 8... Rg8 9. Qh6 Rxg2) ({RR} 7. O-O Nc6 8. Qg4 Nf6 9. Qxg7 Rg8
10. Qh6 Ne5 11. Nc3 b5 12. Bf4 Neg4 13. Qh4 Nxf2 14. Rxf2 Rg4 15. Qh6 Bxf2+ 16.
Kxf2 Ng8) 7... Nc6 8. Be3 d6 9. f4 ({RR} 9. N1d2 e5 10. f4 ({RR} 10. Bxa7 Rxa7
11. Nc4 b5 12. Ne3 Nf6 13. O-O-O Be6) 10... Nf6 11. O-O-O Bg4 12. Nf3 Bxe3+ 13.
Qxe3 exf4 14. Qxf4 Qc7 15. h3 Be6 16. Nbd4 Nxd4 17. Nxd4 O-O) ({RR} 9. Nc3 Nf6
({RR} 9... Nge7 10. O-O O-O 11. f4 b5 12. a4 Bxe3+ ({RR} 12... b4 13. Nd1 Bxe3+
14. Nxe3) 13. Qxe3 b4 14. Ne2) 10. O-O b5 11. a4 b4 ({RR} 11... Bxe3 12. axb5
Bd4 ({RR} 12... Bxf2+ 13. Qxf2 Ne5 14. Qd4 Nxd3 15. Qxd3 Bb7 16. Na5) 13. Nd1
Qc7 14. bxc6 Bb6 15. Ne3 O-O ({RR} 15... Qxc6 16. Nd5 Bd8 17. Na5 Qd7 18. Nxf6+
Bxf6 19. Nc4) 16. Nc4 Qxc6 17. Nxd6 Qxd6 18. e5 Qb8 19. exf6 gxf6 20. Qg4+ Kh8
21. Qh4 f5 22. Rfe1) 12. Nd1 Bxe3 13. Nxe3) 9... Nge7 {L'intérêt de Ba7 au
lieu de Be7 est de permettre de jouer le solide Nge7 qui donne moins de prise
а une attaque g2g4g5 que Nf6} ({RR} 9... Qc7 10. O-O Nf6 11. Bxa7 Rxa7 12. Nc3
({RR} 12. Kh1 O-O 13. a3 b5 14. N1d2 e5 15. f5 d5) 12... b5 ({RR} 12... O-O 13.
Rae1 b5 14. a4 bxa4 ({RR} 14... b4 15. Nd1) 15. Nxa4 e5 16. f5 a5) 13. a4 b4
14. Nd1 a5 ({RR} 14... O-O 15. a5 e5 ({RR} 15... Bb7 16. Ne3) 16. f5 d5 17. Nf2
) 15. Ne3 O-O 16. Kh1 Bb7 17. Ng4 Nxg4 ({RR} 17... Qe7 18. Rae1 ({RR} 18. e5
Nxg4 19. Qxg4 dxe5 20. fxe5 Nxe5 21. Bxh7+ Kxh7 22. Qh5+ Kg8 23. Qxe5 Bd5)
18... Raa8 19. e5 Nxg4 20. Qxg4 dxe5 21. fxe5 Ba6 22. Re3 Bxd3 23. cxd3) 18.
Qxg4 Raa8 19. Rae1 Qe7 20. Re3 g6 21. Qg3 Rfe8 22. Bb5 Rac8 23. c3 Red8 24. f5
{Leko,P (2763)-Kasimdzhanov,R (2670)/San Luis 2005/CBM 110/[Kritz]/1-0 (48)}) (
{RR} 9... b5 10. a4 bxa4 ({RR} 10... b4 11. Bxa7 Rxa7 12. O-O Nf6 13. N1d2 O-O
14. a5) 11. Rxa4 Bxe3 12. Qxe3 Nf6 13. O-O O-O 14. Nc3 ({RR} 14. N1d2 Ng4 ({RR
} 14... e5 15. Nc4 exf4 16. Qxf4) 15. Qf3 e5 ({RR} 15... Qb6+ 16. Kh1 e5 17.
Nc4 Qc7 18. f5 Nf6 19. Ne3) 16. Nc4 ({RR} 16. f5 Qh4 17. h3 Nf6 18. Nc4 Rd8 19.
Ne3 Bb7 20. Rfa1 a5) 16... exf4 17. Qxf4 Nge5 18. Ne3 Be6) 14... e5 ({RR} 14...
d5 15. e5 Nd7 ({RR} 15... Ng4 16. Qg3 Qb6+ 17. Kh1 f5 18. h3 Nh6 19. Ra3 Nb4
20. Na4 Qc7 21. Nac5 Nxd3 22. Qxd3) 16. Qh3 h6 ({RR} 16... g6 17. Qh6) 17. Nd1)
15. Nd5 Be6 ({RR} 15... exf4 16. Qxf4 ({RR} 16. Rxf4 Nd7 17. e5 Ndxe5 18. Bxh7+
Kxh7 19. Nf6+ gxf6 ({RR} 19... Qxf6 20. Rxf6 gxf6 21. Rh4+ Kg6 22. Qh6+ Kf5 23.
Rf4+ Ke6 24. Qxf8) 20. Rh4+ Kg6 ({RR} 20... Kg8 21. Qh6) 21. Qg3+ Bg4 ({RR} 
21... Kf5 22. Qh3+ Kg6 23. Rh6+ Kg7 ({RR} 23... Kg5 24. Qh5#) 24. Rh7+ Kg8 25.
Rh8+ Kg7 26. Qh6#) 22. Rhxg4+ Kf5 ({RR} 22... Nxg4 23. Qxg4+ Kh6 24. Qh3+ Kg6
25. Rg4+ Kf5 26. Rh4+ Ke5 27. Rh5+ f5 28. Qxf5#) 23. Nd4+ Nxd4 24. Rgxd4 Ke6)
16... Nxd5 ({RR} 16... Nd7 17. Qxd6) 17. exd5 Ne5 18. Qg3) 16. Nxf6+ ({RR} 16.
fxe5 Ng4 ({RR} 16... Nxd5 17. exd5 Bxd5 18. Bxh7+ Kxh7 19. Qh3+ Kg8 20. Rh4 f6
21. exf6) 17. Qg3 Ngxe5 ({RR} 17... dxe5 18. h3) 18. Rxa6 Rxa6 19. Bxa6 Bxd5
20. exd5 Qb6+ 21. Qf2 Qxa6 22. dxc6 Qxc6) 16... Qxf6 17. f5 ({RR} 17. fxe5 Qxe5
18. Rxa6 Rxa6 19. Bxa6 Qxb2) 17... Bxb3 18. cxb3 a5 19. Bc4 Nb4 20. Qb6 Qd8 21.
Qxd8 Rfxd8 22. Rfa1) ({RR} 9... Nf6 10. Bxa7 Rxa7 11. c4 O-O 12. O-O b6 13. Nc3
Nd7 14. Rad1) 10. O-O O-O 11. a4 $146 {[%csl Gb5]} ({RR} 11. c4 Bxe3+ 12. Qxe3
d5 13. N1d2 {RR} d4 14. Qg3 e5 15. f5 f6 16. c5 Kh8 17. Nc4 Bd7 18. Rf3 a5 19.
Nd6 Nc8 20. Qh4 Nxd6 21. cxd6 b6 22. g4 Be8 23. Kh1 Qxd6 24. g5 fxg5 25. Qxg5
Qf6 26. Qg4 Nb4 27. Nd2 Nxd3 28. Rxd3 {Lane,G (2442)-Gonzalez Zamora,J (2524)/
Mallorca 2004/CBM 104/0-1 (33)}) 11... Nb4 12. N1d2 Nxd3 13. Qxd3 Bxe3+ $11 14.
Qxe3 d5 15. e5 {[%csl Rc8]} Nf5 16. Qf2 f6 $1 17. Nf3 Qc7 18. c3 Bd7 19. Nbd4
Nxd4 20. Qxd4 f5 21. a5 Rab8 22. b4 Bb5 23. Rfe1 Rfc8 24. Ra3 Qe7 25. Nd2 Bc4
26. Raa1 1/2-1/2

[Event "POL-chT 66th"]
[Site "Katowice"]
[Date "2010.09.09"]
[Round "6"]
[White "Dragun, Kamil"]
[Black "Warakomski, Tomasz"]
[Result "1-0"]
[WhiteElo "2392"]
[BlackElo "2468"]
[Annotator "RR"]
[PlyCount "71"]
[EventDate "2010.09.04"]
[EventType "team-tourn"]
[EventRounds "9"]
[EventCountry "POL"]
[SourceTitle "EXT 2016"]
[Source "ChessBase"]
[SourceDate "2015.10.08"]
[SourceVersion "1"]
[SourceVersionDate "2015.10.08"]
[SourceQuality "1"]
[WhiteTeam "Gorzow Wielkopolski"]
[BlackTeam "Wroclaw"]
[WhiteTeamCountry "POL"]
[BlackTeamCountry "POL"]

1. e4 c5 2. Nf3 e6 3. d4 cxd4 4. Nxd4 a6 5. Bd3 Bc5 6. Nb3 Be7 7. O-O d6 8. Kh1
{Un ordre de coups assez rare mais c'est probablement une simple transpositon}
(8. Qg4 $1 {[%csl Rg7]} g6 9. Qe2 Nd7 10. a4 Ne5 11. a5 Nf6 12. Be3 O-O 13. Bb6
Qe8 14. Nc3 Nxd3 15. cxd3 e5 16. Nd2 Bg4 17. f3 Be6 18. f4 exf4 19. Rxf4 Nd7
20. Bd4 Ne5 21. h3 Bd8 22. Rf2 Rc8 23. Nf3 Bf6 24. Qe3 Bg7 25. Nxe5 Bxe5 26.
Rf3 Qd8 27. Bb6 Qe7 28. Raf1 Bg7 29. R1f2 h6 30. Bd4 Bxd4 31. Qxd4 Qc7 32. Rg3
Kh7 33. Kh2 h5 34. Nd5 Bxd5 35. Qxd5 Qe7 36. d4 Rc1 37. Rb3 Rc7 {Adams,M (2745)
-Caruana,F (2829) London 2014 1-0 (78)}) (8. c4 Nf6 9. Nc3 b6 10. Be3 Bb7 11.
f4) 8... Nf6 9. Qe2 Qc7 10. Nc3 Nc6 11. Bd2 Nd7 $5 {[%cal Ge7f6]} (11... O-O
12. f4 b5 13. a4 b4 14. Nd1 Bb7 15. Nf2 Rfe8 16. Rae1 Bf8 17. Nh3 g6 18. Ng5
Bg7 19. Qf2 Re7 20. Qh4 h6 21. Nf3 Rae8 22. Bc1 Qd8 23. e5 Nd5 24. Nbd2 Rd7 25.
Qg3 Nde7 26. Qf2 Nf5 27. Kg1 dxe5 28. fxe5 Qc7 29. Nc4 Red8 30. b3 Rxd3 31.
cxd3 Rxd3 32. Qc2 Rc3 33. Qd1 Na5 34. Nxa5 Qxa5 35. Rf2 Bd5 36. Bb2 Rxb3 37.
Nd4 Rxb2 38. Rxb2 Qc5 39. Rd2 Nxd4 40. Rxd4 Bb3 41. Qd2 {Kokarev,D (2618)
-Inarkiev,E (2689) Moscow 2012 1/2-1/2}) 12. f4 Bf6 13. Rae1 b5 $11 14. Nd1 $6
Bb7 15. Ne3 Bxb2 16. c4 $1 Bf6 (16... O-O $13) 17. cxb5 axb5 18. Bxb5 Rxa2 19.
Rc1 O-O 20. Qd3 Nc5 21. Nxc5 dxc5 22. Bc3 Be7 23. Ng4 $1 {[%csl Gc3][%cal
Gg4h6,Gd3g3]} Rd8 24. Qc4 (24. Nh6+ $5 gxh6 25. Qg3+ Kf8 26. Qg7+ Ke8 27. f5
$40 {[%csl Rf7]}) 24... Raa8 25. f5 Na5 (25... e5 26. f6 $36) 26. Qe2 exf5 (
26... Bg5 27. fxe6 $36) 27. Rxf5 Rd6 $2 28. Rcf1 Bf8 29. Be5 f6 30. Bxd6 Bxd6
31. e5 fxe5 32. Nxe5 Bd5 33. Nf7 Bb3 34. Qf3 Rb8 35. Bd3 Nc6 36. Qe4 1-0